Tools for institutional, political, and social analysis of policy reform : (Record no. 60962)
[ view plain ]
| 000 -LEADER | |
|---|---|
| fixed length control field | 00961nam a2200265 a 4500 |
| 001 - CONTROL NUMBER | |
| control field | 60962 |
| 003 - CONTROL NUMBER IDENTIFIER | |
| rucl marc code | BD-RjUL |
| 005 - DATE AND TIME OF LATEST TRANSACTION | |
| control field | 20211209080915.0 |
| 008 - FIXED-LENGTH DATA ELEMENTS--GENERAL INFORMATION | |
| fixed length control field | 170104s2007 waua | 001 0 eng d |
| 020 ## - INTERNATIONAL STANDARD BOOK NUMBER | |
| International Standard Book Number | 9780821368909 |
| 035 ## - SYSTEM CONTROL NUMBER | |
| System control number | (BD-RjUL)61086 |
| 040 ## - CATALOGING SOURCE | |
| Original cataloging agency | CaPaEBR |
| Transcribing agency | CaPaEBR |
| Language of cataloging | eng |
| Modifying agency | BD-RjUL |
| 041 ## - LANGUAGE CODE | |
| Language code of text/sound track or separate title | eng |
| 082 04 - DEWEY DECIMAL CLASSIFICATION NUMBER | |
| Classification number | 362.5561091724 |
| Edition number | 23 |
| Author mark and year | HOT 2007 |
| 100 1# - MAIN ENTRY--PERSONAL NAME | |
| Personal name | Holland, Jeremy |
| 9 (RLIN) | 181788 |
| 245 10 - TITLE STATEMENT | |
| Title | Tools for institutional, political, and social analysis of policy reform : |
| Remainder of title | a sourcebook for development practitioners / |
| Statement of responsibility, etc. | Jeremy Holland |
| 260 ## - PUBLICATION, DISTRIBUTION, ETC. (IMPRINT) | |
| Place of publication, distribution, etc. | Washington : |
| Name of publisher, distributor, etc. | The World Bank, |
| Date of publication, distribution, etc. | c2007. |
| 300 ## - PHYSICAL DESCRIPTION | |
| Pagination | xviii, 267 p. : |
| Illustrations | ill. ; |
| Size | 25 cm. |
| 504 ## - BIBLIOGRAPHY, ETC. NOTE | |
| Bibliography, etc | Includes bibliography and index. |
| 650 #0 - SUBJECT ADDED ENTRY--TOPICAL TERM | |
| Topical term or geographic name as entry element | Poverty |
| General subdivision | Government policy |
| Geographic subdivision | Developing countries |
| General subdivision | Evaluation. |
| 9 (RLIN) | 181789 |
| Topical term or geographic name as entry element | Economic assistance |
| General subdivision | Evaluation. |
| 9 (RLIN) | 181790 |
| Topical term or geographic name as entry element | Economic policy |
| General subdivision | Evaluation. |
| 9 (RLIN) | 181791 |
| 942 ## - ADDED ENTRY ELEMENTS (KOHA) | |
| Source of classification or shelving scheme | Dewey Decimal Classification |
| Koha item type | Books |
| Lost status | Source of classification or shelving scheme | Damaged status | Not for loan | Collection code | Permanent Location | Current Location | Shelving location | Date acquired | Source of acquisition | Cost, normal purchase price | Total Checkouts | Full call number | Date last seen | Copy number | Koha item type |
|---|---|---|---|---|---|---|---|---|---|---|---|---|---|---|---|
| Dewey Decimal Classification | Non-fiction | Central Library, University of Rajshahi | Central Library, University of Rajshahi | Reading Room | 03/02/2008 | MIDAS, Dhaka | 30.00 | 362.5561091724 HOT 2007 | 04/01/2017 | C-1 | Books |